| 000 | 00789cam a22002531 4500 | ||
|---|---|---|---|
| 001 | sa 66005128 | ||
| 003 | DLC | ||
| 005 | 20260227112247.0 | ||
| 008 | 861031s1965 ii b 000 0 eng | ||
| 010 | _asa 66005128 | ||
| 025 | _aPL480:I-E-5414 | ||
| 035 | _a(OCoLC)14581523 | ||
| 040 |
_aDLC _cWaU _dDLC |
||
| 042 | _apremarc | ||
| 050 | 0 | 0 |
_aHC435 _b.N39 |
| 082 | _a338.954 | ||
| 100 | 1 |
_aNayar, D. P., _d1918- |
|
| 245 | 1 | 0 |
_aOur plans and plan projects _c[by] D.P. Nayar. |
| 260 |
_a[New Delhi] _bNational Institute of Basic Education, National Council of Educational Research & Training _c[1965] |
||
| 300 |
_ax, 80 p. _bfold. map. _c25 cm. |
||
| 440 | 0 |
_aSource books for basic school teachers, _v1 |
|
| 500 | _aOn cover: Social studies. | ||
| 651 | 0 |
_aIndia _xEconomic policy. |
|
| 999 |
_c69826 _d69826 |
||